Der Akzent von Germanismen im Russischen
| Titel: | Der Akzent von Germanismen im Russischen / Marharyta Schödder ; Gutachter: Daniel Bunčić |
|---|---|
| Verfasser: | |
| Beteiligt: | |
| Veröffentlicht: | Köln : Universitäts- und Stadtbibliothek Köln, 2015 |
| Umfang: | 1 Online-Ressource |
| Format: | E-Book |
| Sprache: | Deutsch |
| Schriftenreihe/ mehrbändiges Werk: |
Opera Slavica Coloniensia ; 2 |
| Hochschulschrift: | Bachelorarbeit, Köln, Universität zu Köln, 2015 |
X
alg: 49279301 001A $06000:08-04-22 001B $01999:06-08-25 $t23:17:49.000 001D $06000:08-04-22 001U $0utf8 001X $00 002@ $0Oax 002C $aText $btxt $2rdacontent 002D $aComputermedien $bc $2rdamedia 002E $aOnline-Ressource $bcr $2rdacarrier 003@ $0492793018 004U $0urn:nbn:de:hbz:38-556851 006G $01253580464 006U $022,O04 $f20220317 007A $01253580464 $aDNB 009Q $uhttps://nbn-resolving.org/urn:nbn:de:hbz:38-556851 $xR 009Q $qapplication/pdf $S0 $uhttp://kups.ub.uni-koeln.de/id/eprint/55685 $xH 010@ $ager 011@ $a2015 $n2015 021A $aDer @Akzent von Germanismen im Russischen $hMarharyta Schödder ; Gutachter: Daniel Bunčić 028A $aSchödder $BVerfasser $dMarharyta $4aut 028C $aBunčić $BGutachter $dDaniel $4oth 033A $pKöln $nUniversitäts- und Stadtbibliothek Köln 034D $a1 Online-Ressource 036E $aOpera Slavica Coloniensia $l2 037A $aIn: Opera Slavica Coloniensia ; 2 037C $dBachelorarbeit $eKöln, Universität zu Köln $f2015 044K $qDNB $ROstslawische Sprachen $#Russian language $#Russe (langue) $#Großrussisch $#Russische Sprache $74051038-4 $8Russisch [Tsz] $9085142212 044K $qDNB $RProsodie $#Accents and accentuation $#Accents et accentuation $#Accentazione $#Betonung $#Akzentuierung Linguistik $74122777-3 $8Akzent [Ts1] $9085402915 044K $qDNB $RSüdgermanische Sprachen $#German language $#Allemand (langue) $#Neuhochdeutsch $#Deutsche Sprache $#Hochdeutsch $74113292-0 $8Deutsch [Tsz] $9085334081 044K $qDNB $RSchriftsprache $RSprache $RGemeinsprache $#Standard language $#Normalisation linguistique $#Hochsprache $#Einheitssprache $#Hochsprache $74077831-9 $8Standardsprache [Ts1] $9085220574 044K $qDNB $RAkzent $#Lexikalischer Akzent $#Wortbetonung $74079387-4 $8Wortakzent [Ts1] $9085225711 044K $qDNB $RRussische SFSR $#Russland $#Russland $#Russische Föderation $#Rußland (vor 1917) $#Россия $#Rußland $#Krievija $#Federazione Russa $#RF $#Großrussland $#Großrußland $#Russia -1917; 1992- $#Rossijskaja Imperija $#Russie $#Empire de Russie $#Russian Federation $#Federacja Rosyjska $#Rosja $#Rossija $#Rossijskaja Federacija $#Russische Föderation $#RF Rossija $#Russia $#Russland -1917 ; 1992- $#Russisches Reich $#РФ $#Российская Федерация $#Российская Империя $74076899-5 $8Russland [Tgz] $9085217913 045B $a491.7 $ADNB $e23kdnb $Emaschinell gebildet $K0,90916 045E $c491.8 046X $aArchivierung/Langzeitarchivierung gewährleistet $5DE-101 lok: 49279301 3 exp: 49279301 3 1 #EPN 201B/01 $008-04-22 $t22:57:18.232 201C/01 $008-04-22 201U/01 $0utf8 203@/01 $01190058197 208@/01 $a08-04-22 $bl 209S/01 $S0 $uhttp://kups.ub.uni-koeln.de/id/eprint/55685 $XH lok: 49279301 5 exp: 49279301 5 1 #EPN 201B/01 $008-04-22 $t22:57:18.238 201C/01 $008-04-22 201U/01 $0utf8 203@/01 $01190058200 208@/01 $a08-04-22 $bl 209S/01 $S0 $uhttp://kups.ub.uni-koeln.de/id/eprint/55685 $XH lok: 49279301 8 exp: 49279301 8 1 #EPN 201B/01 $008-04-22 $t22:57:18.243 201C/01 $008-04-22 201U/01 $0utf8 203@/01 $01190058219 208@/01 $a08-04-22 $bl 209S/01 $S0 $uhttp://kups.ub.uni-koeln.de/id/eprint/55685 $XH lok: 49279301 11 exp: 49279301 11 1 #EPN 201B/01 $008-04-22 $t22:57:18.249 201C/01 $008-04-22 201U/01 $0utf8 203@/01 $01190058227 208@/01 $a08-04-22 $bl 209S/01 $S0 $uhttp://kups.ub.uni-koeln.de/id/eprint/55685 $XH lok: 49279301 21 exp: 49279301 21 1 #EPN 201B/01 $008-04-22 $t22:57:18.262 201C/01 $008-04-22 201U/01 $0utf8 203@/01 $01190058243 208@/01 $a08-04-22 $bl 209S/01 $S0 $uhttp://kups.ub.uni-koeln.de/id/eprint/55685 $XH lok: 49279301 23 exp: 49279301 23 1 #EPN 201B/01 $008-04-22 $t22:57:18.269 201C/01 $008-04-22 201U/01 $0utf8 203@/01 $01190058251 208@/01 $a08-04-22 $bl 209S/01 $S0 $uhttp://kups.ub.uni-koeln.de/id/eprint/55685 $XH lok: 49279301 24 exp: 49279301 24 1 #EPN 201B/01 $008-04-22 $t22:57:18.276 201C/01 $008-04-22 201U/01 $0utf8 203@/01 $0119005826X 208@/01 $a08-04-22 $bl 209S/01 $S0 $uhttp://kups.ub.uni-koeln.de/id/eprint/55685 $XH lok: 49279301 25 exp: 49279301 25 1 #EPN 201B/01 $008-04-22 $t22:57:18.285 201C/01 $008-04-22 201U/01 $0utf8 203@/01 $01190058278 208@/01 $a08-04-22 $bl 209S/01 $S0 $uhttp://kups.ub.uni-koeln.de/id/eprint/55685 $XH lok: 49279301 49 exp: 49279301 49 1 #EPN 201B/01 $008-04-22 $t22:57:18.304 201C/01 $008-04-22 201U/01 $0utf8 203@/01 $01190058286 208@/01 $a08-04-22 $bl 209S/01 $S0 $uhttp://kups.ub.uni-koeln.de/id/eprint/55685 $XH lok: 49279301 204 exp: 49279301 204 1 #EPN 201B/01 $008-04-22 $t22:57:18.317 201C/01 $008-04-22 201U/01 $0utf8 203@/01 $01190058308 208@/01 $a08-04-22 $bl 209S/01 $S0 $uhttp://kups.ub.uni-koeln.de/id/eprint/55685 $XH lok: 49279301 205 exp: 49279301 205 1 #EPN 201B/01 $008-04-22 $t22:57:18.323 201C/01 $008-04-22 201U/01 $0utf8 203@/01 $01190058316 208@/01 $a08-04-22 $bl 209S/01 $S0 $uhttp://kups.ub.uni-koeln.de/id/eprint/55685 $XH
| LEADER | 00000cam a22000002c 4500 | ||
|---|---|---|---|
| 001 | 492793018 | ||
| 003 | DE-603 | ||
| 005 | 20250806231749.0 | ||
| 007 | cr|||||||||||| | ||
| 008 | 220408s2015 xx |||| o| u00||u|ger | ||
| 015 | |a 22,O04 |2 dnb | ||
| 016 | 7 | |2 DE-101 |a 1253580464 | |
| 024 | 7 | |a urn:nbn:de:hbz:38-556851 |2 urn | |
| 035 | |a (DE-599)DNB1253580464 | ||
| 040 | |a DE-603 |b ger |c DE-603 |d DE-603 | ||
| 041 | |a ger | ||
| 082 | 7 | |8 1\p |a 491.7 |2 23kdnb | |
| 084 | |a 491.8 |q DE-101 |2 sdnb | ||
| 100 | 1 | |a Schödder, Marharyta |e Verfasser |4 aut | |
| 245 | 0 | 0 | |a Der Akzent von Germanismen im Russischen |c Marharyta Schödder ; Gutachter: Daniel Bunčić |
| 264 | 1 | |a Köln |b Universitäts- und Stadtbibliothek Köln |c 2015 | |
| 300 | |a 1 Online-Ressource | ||
| 336 | |a Text |b txt |2 rdacontent | ||
| 337 | |a Computermedien |b c |2 rdamedia | ||
| 338 | |a Online-Ressource |b cr |2 rdacarrier | ||
| 490 | 0 | |a Opera Slavica Coloniensia |v 2 | |
| 500 | |a In: Opera Slavica Coloniensia ; 2 | ||
| 502 | |b Bachelorarbeit |c Köln, Universität zu Köln |d 2015 | ||
| 650 | 7 | |a Russisch |0 (DE-588)4051038-4 |0 (DE-603)085142212 |2 gnd | |
| 650 | 7 | |a Akzent |0 (DE-588)4122777-3 |0 (DE-603)085402915 |2 gnd | |
| 650 | 7 | |a Deutsch |0 (DE-588)4113292-0 |0 (DE-603)085334081 |2 gnd | |
| 650 | 7 | |a Standardsprache |0 (DE-588)4077831-9 |0 (DE-603)085220574 |2 gnd | |
| 650 | 7 | |a Wortakzent |0 (DE-588)4079387-4 |0 (DE-603)085225711 |2 gnd | |
| 651 | 7 | |a Russland |0 (DE-588)4076899-5 |0 (DE-603)085217913 |2 gnd | |
| 700 | 1 | |a Bunčić, Daniel |e Gutachter |4 oth | |
| 856 | |u https://nbn-resolving.org/urn:nbn:de:hbz:38-556851 |x Resolving-System | ||
| 856 | |q application/pdf |u http://kups.ub.uni-koeln.de/id/eprint/55685 |x Verlag |z kostenfrei | ||
| 883 | 0 | |8 1\p |a maschinell gebildet |c 0,90916 |q DE-101 | |
| 924 | 1 | |9 603 |a (DE-603)1190058197 |b DE-603 |c HES |d d | |
| 924 | 1 | |9 603 |a (DE-603)1190058200 |b DE-603 |c HES |d d | |
| 924 | 1 | |9 603 |a (DE-603)1190058219 |b DE-603 |c HES |d d | |
| 924 | 1 | |9 603 |a (DE-603)1190058227 |b DE-603 |c HES |d d | |
| 924 | 1 | |9 603 |a (DE-603)1190058243 |b DE-603 |c HES |d d | |
| 924 | 1 | |9 603 |a (DE-603)1190058251 |b DE-603 |c HES |d d | |
| 924 | 1 | |9 603 |a (DE-603)119005826X |b DE-603 |c HES |d d | |
| 924 | 1 | |9 603 |a (DE-603)1190058278 |b DE-603 |c HES |d d | |
| 924 | 1 | |9 603 |a (DE-603)1190058286 |b DE-603 |c HES |d d | |
| 924 | 1 | |9 603 |a (DE-603)1190058308 |b DE-603 |c HES |d d | |
| 924 | 1 | |9 603 |a (DE-603)1190058316 |b DE-603 |c HES |d d | |


